<?xml version="1.0" encoding="UTF-8"?><?xml-stylesheet type="text/xsl" href="static/style.xsl"?><OAI-PMH xmlns="http://www.openarchives.org/OAI/2.0/" xmlns:xsi="http://www.w3.org/2001/XMLSchema-instance" xsi:schemaLocation="http://www.openarchives.org/OAI/2.0/ http://www.openarchives.org/OAI/2.0/OAI-PMH.xsd"><responseDate>2026-04-27T12:41:14Z</responseDate><request verb="GetRecord" identifier="oai:uvadoc.uva.es:10324/3868" metadataPrefix="marc">https://uvadoc.uva.es/oai/request</request><GetRecord><record><header><identifier>oai:uvadoc.uva.es:10324/3868</identifier><datestamp>2021-06-29T09:38:15Z</datestamp><setSpec>com_10324_38</setSpec><setSpec>col_10324_852</setSpec></header><metadata><record xmlns="http://www.loc.gov/MARC21/slim" xmlns:doc="http://www.lyncode.com/xoai" xmlns:xsi="http://www.w3.org/2001/XMLSchema-instance" xmlns:dcterms="http://purl.org/dc/terms/" xsi:schemaLocation="http://www.loc.gov/MARC21/slim http://www.loc.gov/standards/marcxml/schema/MARC21slim.xsd">
<leader>00925njm 22002777a 4500</leader>
<datafield tag="042" ind1=" " ind2=" ">
<subfield code="a">dc</subfield>
</datafield>
<datafield tag="720" ind1=" " ind2=" ">
<subfield code="a">Flores Puente, Maria Cruz</subfield>
<subfield code="e">author</subfield>
</datafield>
<datafield tag="260" ind1=" " ind2=" ">
<subfield code="c">2013</subfield>
</datafield>
<datafield tag="520" ind1=" " ind2=" ">
<subfield code="a">Vivimos en la sociedad de los nanosegundos. El segundo se ha quedado obsoleto y&#xd;
cualquier acontecimiento se convierte en historia a una velocidad de vértigo. En ese saco cae y se&#xd;
mezcla todo lo pasado para formar parte de ese compendio que rescatamos y ponemos en los&#xd;
titulares de la prensa cuando nos interesa. Eso también se vive en la escuela, donde la historia&#xd;
ocupa actualmente en los currículos oficiales de educación primaria un breve espacio para su&#xd;
desarrollo y además mezclada con otras ciencias sociales en un todo al que llamamos Conocimiento&#xd;
del Medio Natural y Social. Este trabajo pretende hacer un breve recorrido sobre los estudios&#xd;
realizados en lengua castellana en los últimos años respecto a uno de los conceptos más&#xd;
importantes en la construcción del hecho y las sociedades históricas, el tiempo histórico, su&#xd;
enseñanza y su aprendizaje. Se trata de que esta reflexión inicial permita madurar y elaborar una&#xd;
propuesta didáctica, para Educación Primaria, de historia local que nos ayude a que nuestros&#xd;
alumnos construyan y reconstruyan su percepción de la temporalidad.</subfield>
</datafield>
<datafield tag="024" ind2=" " ind1="8">
<subfield code="a">http://uvadoc.uva.es/handle/10324/3868</subfield>
</datafield>
<datafield ind1=" " ind2=" " tag="653">
<subfield code="a">Tiempo histórico</subfield>
</datafield>
<datafield ind1=" " ind2=" " tag="653">
<subfield code="a">Didáctica de la Historia</subfield>
</datafield>
<datafield tag="245" ind1="0" ind2="0">
<subfield code="a">El concepto de tiempo histórico. Una propuesta de historia local</subfield>
</datafield>
</record></metadata></record></GetRecord></OAI-PMH>